| 000 -LEADER |
| fixed length control field |
03970cam a2200445 i 4500 |
| 001 - CONTROL NUMBER |
| control field |
23088005 |
| 003 - CONTROL NUMBER IDENTIFIER |
| control field |
NUST |
| 005 - DATE AND TIME OF LATEST TRANSACTION |
| control field |
20250709160627.0 |
| 008 - FIXED-LENGTH DATA ELEMENTS--GENERAL INFORMATION |
| fixed length control field |
230430s2024 nyua b 001 0 eng |
| 010 ## - LIBRARY OF CONGRESS CONTROL NUMBER |
| LC control number |
2023011431 |
| 020 ## - INTERNATIONAL STANDARD BOOK NUMBER |
| International Standard Book Number |
9780197696842 |
| Qualifying information |
(hardback) |
| 020 ## - INTERNATIONAL STANDARD BOOK NUMBER |
| International Standard Book Number |
9780197696859 |
| Qualifying information |
(paperback) |
| 020 ## - INTERNATIONAL STANDARD BOOK NUMBER |
| Canceled/invalid ISBN |
9780197696866 |
| Qualifying information |
(epub) |
| 035 ## - SYSTEM CONTROL NUMBER |
| System control number |
23088005 |
| 040 ## - CATALOGING SOURCE |
| Original cataloging agency |
LBSOR |
| Language of cataloging |
eng |
| Description conventions |
rda |
| Transcribing agency |
LBSOR |
| Modifying agency |
DLC |
| 042 ## - AUTHENTICATION CODE |
| Authentication code |
pcc |
| 050 00 - LIBRARY OF CONGRESS CALL NUMBER |
| Classification number |
JZ6374 |
| Item number |
.D54 2024 |
| 082 00 - DEWEY DECIMAL CLASSIFICATION NUMBER |
| Classification number |
341.584 |
| Edition number |
23/eng/20230515 |
| Author Mark |
DIE 2024 |
| 100 1# - MAIN ENTRY--PERSONAL NAME |
| Personal name |
Diehl, Paul F. |
| Fuller form of name |
(Paul Francis), |
| Relator term |
author. |
| 9 (RLIN) |
129566 |
| 245 10 - TITLE STATEMENT |
| Title |
When peacekeeping missions collide : |
| Remainder of title |
balancing multiple roles in peace operations / |
| Statement of responsibility, etc. |
Paul F. Diehl, Daniel Druckman, and Grace B. Mueller. |
| 264 #1 - PRODUCTION, PUBLICATION, DISTRIBUTION, MANUFACTURE, AND COPYRIGHT NOTICE |
| Place of production, publication, distribution, manufacture |
New York, NY : |
| Name of producer, publisher, distributor, manufacturer |
Oxford University Press, |
| Date of production, publication, distribution, manufacture, or copyright notice |
[2024] |
| 300 ## - PHYSICAL DESCRIPTION |
| Extent |
297 pages : |
| Other physical details |
illustrations ;photocopy |
| Dimensions |
25 cm |
| 336 ## - CONTENT TYPE |
| Content type term |
text |
| Content type code |
txt |
| Source |
rdacontent |
| 337 ## - MEDIA TYPE |
| Media type term |
unmediated |
| Media type code |
n |
| Source |
rdamedia |
| 338 ## - CARRIER TYPE |
| Carrier type term |
volume |
| Carrier type code |
nc |
| Source |
rdacarrier |
| 504 ## - BIBLIOGRAPHY, ETC. NOTE |
| Bibliography, etc. note |
Includes bibliographical references (pages 257-288) and index. |
| 505 0# - FORMATTED CONTENTS NOTE |
| Formatted contents note |
The puzzle of multiple missions -- Patterns in multi-mission peace operations and theoretical expectations -- Research plan -- Limited mission cases : ONUC and UNPROFOR -- Complex mission cases : UNTAET and MONUC -- The United Nations mission in Sierra Leone (UNAMSIL) -- Conclusions and implications. |
| 520 ## - SUMMARY, ETC. |
| Summary, etc. |
"Most analyses of peacekeeping focus on attempts to limit violent conflict. Yet contemporary peace operations are asked to do much more, including unconventional roles of monitoring elections, facilitating transitions to the rule of law, distributing humanitarian aid, and resolving conflicts in civil societies undergoing transformation. This path-breaking work takes the lid off peace operations to explore missions (e.g., Disarmament, Demobilization, and Reintegration) that go beyond traditional peacekeeping and the ways mission outcomes influence one another. This work begins by documenting patterns of peacekeeping missions in 70 UN operations, noting the dramatic increase in number and diversity since the end of the Cold War and the shift to conflicts with a substantial internal conflict component. The core of the book examines eight expectations about how different missions interact with one another. The expectations are guided by theoretical logics associated with sequencing, compatibility, and multitasking. These are examined in five detailed case studies of UN operations: United Nations Protection Force or UNPROFOR (Bosnia); United Nations Operation in the Congo or ONUC (Congo); United Nations Transitional Administration in East Timor or UNTAET (East Timor); United Nations Organization Mission in the Democratic Republic of the Congo or MONUC (Congo); and the United Nations Mission in Sierra Leone or UNAMSIL (Sierra Leone). The final chapter reviews the findings in terms of their implications for the expectations. It also provides a policy-relevant framework for organizing the various parts and stages of a peace operation, offering a future research agenda on multiple mission peacekeeping"-- |
| Assigning source |
Provided by publisher. |
| 610 20 - SUBJECT ADDED ENTRY--CORPORATE NAME |
| Corporate name or jurisdiction name as entry element |
United Nations |
| General subdivision |
Peacekeeping forces |
| Form subdivision |
Case studies. |
| 9 (RLIN) |
129567 |
| 650 #0 - SUBJECT ADDED ENTRY--TOPICAL TERM |
| Topical term or geographic name entry element |
Strategy |
| Form subdivision |
Case studies. |
| 9 (RLIN) |
129568 |
| 650 #0 - SUBJECT ADDED ENTRY--TOPICAL TERM |
| Topical term or geographic name entry element |
Conflict management |
| Form subdivision |
Case studies. |
| 9 (RLIN) |
104957 |
| 655 #7 - INDEX TERM--GENRE/FORM |
| Genre/form data or focus term |
Case studies. |
| Source of term |
lcgft |
| Authority record control number |
https://id.loc.gov/authorities/genreForms/gf2017026140 |
| 9 (RLIN) |
14661 |
| 700 1# - ADDED ENTRY--PERSONAL NAME |
| Personal name |
Druckman, Daniel, |
| Dates associated with a name |
1939- |
| Relator term |
author. |
| 9 (RLIN) |
129569 |
| 700 1# - ADDED ENTRY--PERSONAL NAME |
| Personal name |
Mueller, Grace B., |
| Relator term |
author. |
| 9 (RLIN) |
129570 |
| 776 08 - ADDITIONAL PHYSICAL FORM ENTRY |
| Relationship information |
Online version: |
| Main entry heading |
Diehl, Paul F. (Paul Francis). |
| Title |
When peacekeeping missions collide |
| Place, publisher, and date of publication |
New York, NY : Oxford University Press, [2024] |
| International Standard Book Number |
9780197696866 |
| Record control number |
(DLC) 2023011432 |
| 906 ## - LOCAL DATA ELEMENT F, LDF (RLIN) |
| a |
7 |
| b |
cbc |
| c |
orignew |
| d |
1 |
| e |
ecip |
| f |
20 |
| g |
y-gencatlg |
| 942 ## - ADDED ENTRY ELEMENTS (KOHA) |
| Source of classification or shelving scheme |
|
| Koha item type |
Book |